Central Library OPAC University of Rajshahi

Geschichte der arabischen Litteratur / (Record no. 56397)

MARC details
000 -LEADER
fixed length control field 00629cam a2200217u 4500
001 - CONTROL NUMBER
control field 56397
003 - CONTROL NUMBER IDENTIFIER
rucl marc code BD-RjUL
005 - DATE AND TIME OF LATEST TRANSACTION
control field 20211209080406.0
008 - FIXED-LENGTH DATA ELEMENTS--GENERAL INFORMATION
fixed length control field 860225m18981902gw 000 0 ger
035 ## - SYSTEM CONTROL NUMBER
System control number (BD-RjUL) 56521
040 ## - CATALOGING SOURCE
Original cataloging agency DLC
Transcribing agency CarP
Modifying agency DLC
Language of cataloging eng
041 ## - LANGUAGE CODE
Language code of text/sound track or separate title eng
082 ## - DEWEY DECIMAL CLASSIFICATION NUMBER
Edition number 23
Classification number 892.709
Author mark and year BRG 1942
100 1# - MAIN ENTRY--PERSONAL NAME
Personal name Brockelmann, Carl,
Dates associated with a name 1868-1956.
9 (RLIN) 167756
245 10 - TITLE STATEMENT
Title Geschichte der arabischen Litteratur /
Statement of responsibility, etc. Carl Brockelmann
260 ## - PUBLICATION, DISTRIBUTION, ETC. (IMPRINT)
Place of publication, distribution, etc. Leiden :
Name of publisher, distributor, etc. E.J.Brill,
Date of publication, distribution, etc. 1942
300 ## - PHYSICAL DESCRIPTION
Pagination xxi ,1326 p. :
Size 23 cm.
650 #0 - SUBJECT ADDED ENTRY--TOPICAL TERM
Topical term or geographic name as entry element Arabic literature
General subdivision History and criticism.
9 (RLIN) 123508
942 ## - ADDED ENTRY ELEMENTS (KOHA)
Source of classification or shelving scheme Dewey Decimal Classification
Koha item type Books
Holdings
Lost status Source of classification or shelving scheme Damaged status Not for loan Collection code Permanent Location Current Location Shelving location Date acquired Source of acquisition Cost, normal purchase price Total Checkouts Full call number Date last seen Copy number Koha item type
  Dewey Decimal Classification     Non-fiction Central Library, University of Rajshahi Central Library, University of Rajshahi   14/02/1963 Zeitlinger 158.00   892.709 BRG 1942 29/11/2016 C-2 Books
  Dewey Decimal Classification   Not For Loan Non-fiction Central Library, University of Rajshahi Central Library, University of Rajshahi Reading Room 04/03/1957 Publisher ltd. 180.00   892.709 BRG 1942 05/02/2017 C-1 Books